<?xml version="1.0" encoding="UTF-8"?>
<marc:record xmlns:marc="http://www.loc.gov/MARC21/slim">
   <marc:leader>00000nam a2200000 a 4500</marc:leader>
   <marc:datafield ind1="1" ind2=" " tag="100">
      <marc:subfield code="a">Kaut, Ellis</marc:subfield>
      <marc:subfield code="4">aut</marc:subfield>
      <marc:subfield code="e">Verfasser/-in</marc:subfield>
   </marc:datafield>
   <marc:datafield ind1=" " ind2=" " tag="653">
      <marc:subfield code="a">Schabernack</marc:subfield>
   </marc:datafield>
   <marc:datafield ind1=" " ind2=" " tag="653">
      <marc:subfield code="a">Originalstimmen</marc:subfield>
   </marc:datafield>
   <marc:datafield ind1=" " ind2=" " tag="653">
      <marc:subfield code="a">rotes Haar</marc:subfield>
   </marc:datafield>
   <marc:datafield ind1=" " ind2=" " tag="653">
      <marc:subfield code="a">Hörfigur-Hörbuch</marc:subfield>
   </marc:datafield>
   <marc:datafield ind1=" " ind2=" " tag="653">
      <marc:subfield code="a">Hörspiel-Kinder</marc:subfield>
   </marc:datafield>
   <marc:datafield ind1=" " ind2=" " tag="653">
      <marc:subfield code="a">Kobold</marc:subfield>
   </marc:datafield>
   <marc:datafield ind1=" " ind2=" " tag="653">
      <marc:subfield code="a">Meister Eder</marc:subfield>
   </marc:datafield>
   <marc:datafield ind1="0" ind2="0" tag="245">
      <marc:subfield code="a">Meister Eder und sein PUMUCKL - Tonie</marc:subfield>
   </marc:datafield>
   <marc:datafield ind1="0" ind2="0" tag="245">
      <marc:subfield code="b">Spuck in der Werkstatt, das verkaufte Bett</marc:subfield>
   </marc:datafield>
   <marc:datafield ind1="0" ind2="0" tag="245">
      <marc:subfield code="c">Ellis Kaut</marc:subfield>
   </marc:datafield>
   <marc:datafield ind1=" " ind2="1" tag="264">
      <marc:subfield code="a">D&#x81;üsseldorf</marc:subfield>
      <marc:subfield code="b">Univeral Music Group</marc:subfield>
      <marc:subfield code="c">1982</marc:subfield>
   </marc:datafield>
   <marc:datafield ind1="1" ind2=" " tag="490">
      <marc:subfield code="a">Tonie</marc:subfield>
   </marc:datafield>
   <marc:datafield ind1="1" ind2=" " tag="520">
      <marc:subfield code="a">SPUK IN DER WERKSTATT#Der Pumuckl klebt bei Meister Eder am Leimtopf fest. Und nach einem alten Kobold-Gesetz muss er für immer bei dem bleiben, der ihn einmal gesehen hat. Dem Meister Eder fällt es nicht leicht, sich an einen Koboldzu gewöhnen. Auch für den Pumuckl ist es neu, für jemanden sichtbar zu sein. Doch dann merkt der Pumuckl, dass er trotzdem reichlich Schabernack treiben kann.##DAS VERKAUFTE BETT#Beim Frühstück stellen Meister Eder und der Pumuckl fest, dass Teller, Tasse und überhaupt alles für den kleinen Kobold viel zu groß ist. Deshalb bastelt der Schreinermeister als Erstes ein Holzbettchen für seinen Freund. Aber eine Kundin überredet ihn, es ihr zu verkaufen. Darüber wird der Pumuckl furchtbar wütend und beschließt, sich an ihr zu rächen.</marc:subfield>
   </marc:datafield>
   <marc:datafield ind1=" " ind2=" " tag="020">
      <marc:subfield code="a">4251192121424</marc:subfield>
      <marc:subfield code="9">4251192121424</marc:subfield>
   </marc:datafield>
   <marc:datafield ind1="3" ind2=" " tag="024">
      <marc:subfield code="a">4251192113023</marc:subfield>
   </marc:datafield>
   <marc:datafield ind1=" " ind2=" " tag="041">
      <marc:subfield code="a">ger</marc:subfield>
   </marc:datafield>
   <marc:datafield ind1=" " ind2=" " tag="300">
      <marc:subfield code="e">Content Tonie</marc:subfield>
   </marc:datafield>
</marc:record>
